000 00767nam a2200205 4500
999 _c164836
_d164836
005 20190528131936.0
010 _aENG-125351
020 _c650.00
_a9789380336190
035 _aEN-108883
037 _bDBAD/PUB
082 _a230.35
100 _aBasu, Arabinda
245 _aSri Aurobindo :
_cby Eshita Chakraborty; ed. by Indrani Sanyal
_bthe poet, yogi and philosopher
260 _aKolkata
_bJadavpur University in colleboration with Maha Bodhi Book Agency
_c2011
270 _a4A, Bankim Chatterjee Street
_bKolkata
_e700073
_k033-22419363, 9831077368
_mmahabodhibookagency@hotmail.com
300 _a322p.
_c22cm(Hb)
500 _aIncludes bibliographical references and index
700 _aSanyal, Indrani
942 _2ddc
_cEN
_h230.35
_mBAS